A legújabb Kor Története I. Napoleon Bukásától III. Napoleon Bukásáig. 1815-1871 Harmadik Kötet

Bibliographic Details
Main Author: Szabó, Ferenc, 1843-1905 (Author)
Corporate Author: Athenaeum Irodalmi és Nyomdai Rt. (Budapešť, Maďarsko) (Printer)
Format: Book
Language:Hungarian
PhysicalDescription:457, [5] s. 20 cm
Published: Budapest Kiadja a Szerző 1880
Subjects:

MARC

LEADER 00000nam a2200000 a 4500
001 vtls010681145
003 SK-MaSNL
005 20260302051025.0
008 251112s1880 hu 001 0 hun
015 |a SNBHFA1880 
035 |a 9C49BB93-176A-4C9D-B727-3158FA3F886A 
035 |a urn:nbn:sk:snk-amtijs 
035 |a urn:nbn:sk:snk-am00c4k7 
040 |a SNK  |b slo  |c SNK  |e AACR2 
041 0 |a hun 
044 |a hu  |c HU 
072 7 |a 355/359  |x Vojenstvo. Obrana krajiny. Ozbrojené sily  |2 konspekt 
072 7 |a 94(4)  |x Dejiny Európy  |2 konspekt 
080 |a 93/94  |2 2001 
080 |a 94"15/..."  |2 2001 
100 1 |a Szabó, Ferenc,  |d 1843-1905  |4 aut  |4 pbl  |9 419747 
245 1 2 |a A legújabb Kor Története  |b I. Napoleon Bukásától III. Napoleon Bukásáig. 1815-1871  |n Harmadik Kötet  |c Menczel, Springer, Horváth S Mások Művei Után Átdolgozta Szabó Ferencz Eleméri Plébános 
246 3 8 |a Szabó Története  |n 3 
260 |a Budapest  |b Kiadja a Szerző  |c 1880  |e (Budapest)  |f (Az Athenaeum r. társ. könyvnyomdája) 
300 |a 457, [5] s.  |c 20 cm 
500 |a Typografické linky, živé záhlavie 
504 |a Obsahuje register 
550 |a Údaje o tlačiarovi prevzaté z rubu titulného listu 
561 |a Okrúhla pečiatka: Rimely Károly Lekéri Apát.  |5 SNK ID 78940/3 
600 0 7 |a Napoleon  |b I.,  |c francúzsky cisár,  |d 1769-1821  |2 SNK ID 78940/3  |9 81416 
600 0 7 |a Napoleon  |b III.,  |c francúzsky cisár,  |d 1808-1873  |2 SNK ID 78940/3  |9 81417 
648 7 |a 19. storočie  |2 SNKPH  |9 277854 
650 0 7 |a dejiny  |2 SNKPH  |9 3825 
650 0 7 |a novovek  |2 SNKPH  |9 4260 
700 1 |a Rimely, Karol,  |d 1825-1904  |4 fmo  |9 177562 
710 2 |a Athenaeum Irodalmi és Nyomdai Rt. (Budapešť, Maďarsko),  |d 1841-1998  |4 prt  |9 151755 
752 |a Maďarsko  |d Budapest 
852 |a snk  |b Historické fondy  |p ID 78940/3 
958 |a ONDV 
999 |c 1099432  |d 1101362 
952 |t RI 109  |a SNK  |b SNK  |c SNK_HF  |y PREZ  |7 0  |p 17A1127697  |o snkID 78940/3 D1  |i snk2015/16542  |8 5  |z RI 109  |0 0  |1 0  |4 0  |d 2015-05-25  |f 1  |l 0  |r 2026-02-24 17:26:10  |w 2026-02-24